00859 2200325 4500001002100000005001500021035002000036007000300056040001700059100002700076245005800103250001000161300003300171020001800204041000800222082001000230084001600240090002500256264003500281336002100316337003000337338002300367650002000390850001000410008004100420990001800461990001800479990001800497990001800515INLIS00000000000936520260421024211 a0010-1122000324ta aSBPUPADbind0 aSyam Hardy;ePengarang1 aDasar-Dasar Teknik Listrik Aliran Rata /cSyam Hardy; aCet.2 a170 hlm. :bilus. ;c14,5 cm a979-518-531-40 aind a621.3 a621.3 SYA d a621.3 SYA d L 19 R 5 aJakarta :bRineka Cipta,c1994 2rdacontentateks 2rdamediaatanpa perantara 2rdacarrieravolume 4aTeknik Listrik/ aPUPAD260421 0  a/8198/Br.2013 a/8195/Br.2013 a/8197/Br.2013 a/8196/Br.2013